| 000 | 00970nam a22002297a 4500 | ||
|---|---|---|---|
| 005 | 20250513164703.0 | ||
| 008 | 250513b |||||||| |||| 00| 0 eng d | ||
| 020 | _a978-93-81923-72-6 (hbk) | ||
| 037 | _cTB | ||
| 040 |
_aCRL _cCRL |
||
| 041 |
_2hin _ahin |
||
| 084 |
_aO152,6N50x Q4 _qCRL |
||
| 100 |
_aपांडेय, बलराज _9784278 |
||
| 245 | _aडायरी में साहित्य | ||
| 260 |
_aगाज़ियाबाद, भारत: _bअंतिका प्रकाशन, _c2014. |
||
| 300 | _a248पृ0 | ||
| 365 |
_b495.00 _cINR |
||
| 650 |
_aहिन्दी निबंध _9784279 |
||
| 650 |
_aहिन्दी साहित्य _9784280 |
||
| 942 |
_2CC _cTB _hO152,6N50x Q4 _n0 |
||
| 999 |
_c1400828 _d1400828 |
||